000 01410nam0a2200349 4500
001 RU\NLR\BIBL_A\022595610
005 20260420051600.0
010 _a978-5-353-11516-8
_96308
021 _aRU
_bКН-П-25-033424
_9КН-П-25-3302
035 _a(NLR Aleph) 022595610
090 _a13680215
_c13680215
100 _a20250804d2025 u y0rusy50 ca
101 0 _arus
102 _aRU
105 _aa z 000ay
181 0 _ai3
_baxxe
182 0 _an
200 1 _aАркан дьявола
_eроман
_fГерман и Тамара Рыльские
_g[иллюстрации: Ана Награни]
203 _aТекст
_bвизуальный
_cнепосредственный
210 _aМосква
_cРосмэн, O2 Young adult книги
_d2025
215 _a317, [2] с.
_cил.
_d22
225 1 _aФэнтези
333 _a16+
686 0 _aШ9(2)62=Р7-4
700 1 _7ca
_8rus
_aРыльский
_bГ. В.
_f1979-
_gГерман Витальевич
_9256761
_3RU\NLR\AUTH\770256817
701 1 _7ca
_8rus
_aРыльская
_bТ. П.
_gТамара Петровна
_9256759
_3RU\NLR\AUTH\770256815
702 1 _4040
_7ca
_8rus
_aНаграни
_bА.
_f1996-
_gАна
_9256755
_3RU\NLR\AUTH\770256811
942 _cBOOK
980 _aNB